<?xml version='1.0' encoding='UTF-8'?>
  <record xmlns="http://www.loc.gov/MARC21/slim">
    <leader>00000cam a22000007i 4500</leader>
    <controlfield tag="001">ocm69268450</controlfield>
    <controlfield tag="003">OCoLC</controlfield>
    <controlfield tag="005">20250709061309.0</controlfield>
    <controlfield tag="008">940705s1563    gw            001 0 lat d</controlfield>
    <datafield tag="040" ind1=" " ind2=" ">
      <subfield code="a">NLGGC</subfield>
      <subfield code="b">eng</subfield>
      <subfield code="e">rda</subfield>
      <subfield code="e">dcrmr</subfield>
      <subfield code="c">NLGGC</subfield>
      <subfield code="d">QGJ</subfield>
      <subfield code="d">OCLCA</subfield>
      <subfield code="d">OCLCO</subfield>
      <subfield code="d">OCLCL</subfield>
      <subfield code="d">QGJ</subfield>
    </datafield>
    <datafield tag="029" ind1="0" ind2=" ">
      <subfield code="a">NLGGC</subfield>
      <subfield code="b">120388650</subfield>
    </datafield>
    <datafield tag="035" ind1=" " ind2=" ">
      <subfield code="a">(OCoLC)69268450</subfield>
    </datafield>
    <datafield tag="100" ind1="1" ind2=" ">
      <subfield code="a">Villegaignon, Nicolas Durand de,</subfield>
      <subfield code="d">1510-1571?,</subfield>
      <subfield code="e">author.</subfield>
      <subfield code="4">aut</subfield>
      <subfield code="1">https://id.oclc.org/worldcat/entity/E39PBJrGv7Y8h67Yfx4yrkwV4q</subfield>
    </datafield>
    <datafield tag="245" ind1="1" ind2="0">
      <subfield code="a">Clarissimi, erudirissimíque viri, D. Nicolai Villagagnonis, equitis Rhodij, aduersus nouitiũ[m] Caluini, Melanchthonis, atq[ue] id genus sectariorũ[m] dogma de sacramento Eucharistiae, opuscula tria, recèns conscripta, &amp; in lucem edita.</subfield>
    </datafield>
    <datafield tag="246" ind1="3" ind2=" ">
      <subfield code="a">Clarissimi, erudirissimíque viri, D. Nicolai Villagagnonis, equitis Rhodii, adversus nouitium Calvini, Melanchthonis, atque id genus sectariorum dogma de sacramento Eucharistiae, opuscula tria</subfield>
    </datafield>
    <datafield tag="246" ind1="3" ind2=" ">
      <subfield code="a">Adversus novitium Calvini, Melanchthonis, atque id genus sectariorum dogma de sacramento Eucharistiae, opuscula tria</subfield>
    </datafield>
    <datafield tag="264" ind1=" " ind2="1">
      <subfield code="a">Coloniae, :</subfield>
      <subfield code="b">Apud Maternum Cholinum,</subfield>
      <subfield code="c">1563.</subfield>
    </datafield>
    <datafield tag="300" ind1=" " ind2=" ">
      <subfield code="a">[36], 216, [4], 87 leaves ;</subfield>
      <subfield code="c">15 cm (8vo)</subfield>
    </datafield>
    <datafield tag="336" ind1=" " ind2=" ">
      <subfield code="a">text</subfield>
      <subfield code="b">txt</subfield>
      <subfield code="2">rdacontent</subfield>
    </datafield>
    <datafield tag="337" ind1=" " ind2=" ">
      <subfield code="a">unmediated</subfield>
      <subfield code="b">n</subfield>
      <subfield code="2">rdamedia</subfield>
    </datafield>
    <datafield tag="338" ind1=" " ind2=" ">
      <subfield code="a">volume</subfield>
      <subfield code="b">nc</subfield>
      <subfield code="2">rdacarrier</subfield>
    </datafield>
    <datafield tag="340" ind1=" " ind2=" ">
      <subfield code="m">8vo</subfield>
      <subfield code="2">rdabf</subfield>
    </datafield>
    <datafield tag="500" ind1=" " ind2=" ">
      <subfield code="a">Colophon: Typis Godefridi Ceruivorni.</subfield>
    </datafield>
    <datafield tag="500" ind1=" " ind2=" ">
      <subfield code="a">Includes index.</subfield>
    </datafield>
    <datafield tag="500" ind1=" " ind2=" ">
      <subfield code="a">Initials, printed marginal notes.</subfield>
    </datafield>
    <datafield tag="500" ind1=" " ind2=" ">
      <subfield code="a">Signatures: a-d⁸ e⁴ A-Z⁸ Aa-Dd⁸ Ee⁴ ²A-²L⁸; e4v, Ee4v, ²A1v, ²H4v, ²H5v, ²L7v and ²L8 are blank.</subfield>
    </datafield>
    <datafield tag="505" ind1="0" ind2="0">
      <subfield code="g">1.</subfield>
      <subfield code="t">Ad articulos Caluinianae, de Sacramento Eucharistia traditionis, ab eius ministris in Francia Antarctica euulgatae, responsiones ad Ecclesiam Christianam. --</subfield>
      <subfield code="g">2.</subfield>
      <subfield code="t">De coenae controversiae Philippi Melanchthonis iudicio, ad Serenissimum Ferdinandum Caesarem semper Augustum, &amp; ad illustrissimos Sacri Rom. Imperij Electores. --</subfield>
      <subfield code="g">3.</subfield>
      <subfield code="t">De Veneradissimo Ecclesiae Sacrificio, ad Lodovicum Herquiuillerum, Regium in senatu Parisiensi consiliarium.</subfield>
    </datafield>
    <datafield tag="500" ind1=" " ind2=" ">
      <subfield code="a">Contains also: Articuli a Petro Richero Carmelito Fratre, in Francia Antarctica scripto traditi.</subfield>
    </datafield>
    <datafield tag="500" ind1=" " ind2=" ">
      <subfield code="a">Contains also (verso title page): F. Henrici Angeli Carmelitae Epigramma.</subfield>
    </datafield>
    <datafield tag="510" ind1="4" ind2=" ">
      <subfield code="a">Verzeichnis der im deutschen Sprachbereich erschienenen Drucke des 16. Jahrhunderts (VD 16),</subfield>
      <subfield code="c">D 2998</subfield>
      <subfield code="u">https://gateway-bayern.de/VD16+D+2998</subfield>
    </datafield>
    <datafield tag="510" ind1="4" ind2=" ">
      <subfield code="3">Durand, Nicolas, De cenae controversiae Philippi Melanchthonis iudicio:</subfield>
      <subfield code="a">Verzeichnis der im deutschen Sprachbereich erschienenen Drucke des 16. Jahrhunderts (VD 16),</subfield>
      <subfield code="c">D 3002</subfield>
      <subfield code="u">https://gateway-bayern.de/VD16+D+3002</subfield>
    </datafield>
    <datafield tag="510" ind1="4" ind2=" ">
      <subfield code="3">Durand, Nicolas, De venerandissimo ecclesiae sacrificio:</subfield>
      <subfield code="a">Verzeichnis der im deutschen Sprachbereich erschienenen Drucke des 16. Jahrhunderts (VD 16),</subfield>
      <subfield code="c">D 3003</subfield>
      <subfield code="u">https://gateway-bayern.de/VD16+D+3003</subfield>
    </datafield>
    <datafield tag="600" ind1="1" ind2="0">
      <subfield code="a">Calvin, Jean.</subfield>
    </datafield>
    <datafield tag="600" ind1="1" ind2="0">
      <subfield code="a">Melanchthon, Philip,</subfield>
      <subfield code="d">1497-1560.</subfield>
    </datafield>
    <datafield tag="650" ind1=" " ind2="0">
      <subfield code="a">Calvinism</subfield>
      <subfield code="v">Controversial literature.</subfield>
    </datafield>
    <datafield tag="650" ind1=" " ind2="6">
      <subfield code="a">Calvinisme</subfield>
      <subfield code="v">Ouvrages de controverse.</subfield>
    </datafield>
    <datafield tag="650" ind1=" " ind2="7">
      <subfield code="a">Calvinism</subfield>
      <subfield code="2">fast</subfield>
    </datafield>
    <datafield tag="655" ind1=" " ind2="7">
      <subfield code="a">Controversial literature</subfield>
      <subfield code="2">fast</subfield>
    </datafield>
    <datafield tag="700" ind1="0" ind2=" ">
      <subfield code="a">Ferdinand</subfield>
      <subfield code="b">I,</subfield>
      <subfield code="c">Holy Roman Emperor,</subfield>
      <subfield code="d">1503-1564,</subfield>
      <subfield code="e">dedicatee.</subfield>
      <subfield code="4">dte</subfield>
      <subfield code="1">https://id.oclc.org/worldcat/entity/E39PBJdRBPFX6gWWw8D7KydxXd</subfield>
    </datafield>
    <datafield tag="700" ind1="1" ind2=" ">
      <subfield code="a">Herquivillerus, Lodovicus,</subfield>
      <subfield code="e">dedicatee</subfield>
      <subfield code="4">dte</subfield>
    </datafield>
    <datafield tag="700" ind1="1" ind2=" ">
      <subfield code="a">Montmorency, Anne,</subfield>
      <subfield code="c">duc de,</subfield>
      <subfield code="d">1493-1567,</subfield>
      <subfield code="e">dedicatee.</subfield>
      <subfield code="4">dte</subfield>
      <subfield code="1">https://id.oclc.org/worldcat/entity/E39PBJkxQbVyhv78H4fDKRHgrq</subfield>
    </datafield>
    <datafield tag="700" ind1="1" ind2=" ">
      <subfield code="a">Engel, Heinrich,</subfield>
      <subfield code="d">active 16th century,</subfield>
      <subfield code="e">contributor.</subfield>
      <subfield code="4">ctb</subfield>
    </datafield>
    <datafield tag="700" ind1="1" ind2=" ">
      <subfield code="a">Richer, Pierre,</subfield>
      <subfield code="d">approximately 1506-1580,</subfield>
      <subfield code="e">contributor.</subfield>
      <subfield code="4">ctb</subfield>
    </datafield>
    <datafield tag="700" ind1="1" ind2=" ">
      <subfield code="a">Angelus, Henricus,</subfield>
      <subfield code="e">contributor.</subfield>
      <subfield code="4">ctb</subfield>
    </datafield>
    <datafield tag="700" ind1="1" ind2=" ">
      <subfield code="a">Cholinus, Maternus,</subfield>
      <subfield code="d">1525-1588,</subfield>
      <subfield code="e">bookseller.</subfield>
      <subfield code="4">bsl</subfield>
      <subfield code="1">https://id.oclc.org/worldcat/entity/E39PBJmHGGKF7mPV3qxy44ryVC</subfield>
    </datafield>
    <datafield tag="700" ind1="1" ind2=" ">
      <subfield code="a">Cervicornus, Gottfried,</subfield>
      <subfield code="d">active approximately 1560-1577,</subfield>
      <subfield code="e">printer.</subfield>
      <subfield code="4">prt</subfield>
      <subfield code="1">https://id.oclc.org/worldcat/entity/E39PBJdMctxmqCFdbbJc3fpwYP</subfield>
    </datafield>
    <datafield tag="752" ind1=" " ind2=" ">
      <subfield code="a">Germany</subfield>
      <subfield code="d">Cologne,</subfield>
      <subfield code="e">publication place.</subfield>
      <subfield code="4">pup</subfield>
    </datafield>
    <datafield tag="758" ind1=" " ind2=" ">
      <subfield code="i">has work:</subfield>
      <subfield code="a">Nicolai Villagagnonis Adversus novitium Calvini, Melanchthonis, atque id genus sectariorum dogma de sacramento Eucharistiae, opuscula tria (Text)</subfield>
      <subfield code="1">https://id.oclc.org/worldcat/entity/E39PD39BcmXYjHhkvwbWDpcDxC</subfield>
      <subfield code="4">https://id.oclc.org/worldcat/ontology/hasWork</subfield>
    </datafield>
  </record>